| 000 | 01742nam a22002657a 4500 | ||
|---|---|---|---|
| 999 |
_c60187 _d60187 |
||
| 003 | Ge_BSU | ||
| 005 | 20230615174817.0 | ||
| 008 | 230615s2016 ge ||||| |||| 00| 0 geo d | ||
| 020 | _a9789941941238 | ||
| 041 | _ageo | ||
| 080 | _a821.353.1-91-13 ვ-43 | ||
| 245 |
_a"ვეფხისტყაოსნის" უცნობი ხალხური ვერსია / _cტექსტები კახეთში ჩაიწერა და გამოსაც. მოამზადა ბიძინა ნანობაშვილმა; რედაქტორი ალექსანდრე ნონეშვილი; დიზაინი ირმა ლიპარტელიანი. |
||
| 264 |
_aთბილისი : _bAUREUS, _c 2016. |
||
| 300 |
_a120 გვ. ; _b20 სმ. |
||
| 500 | _aგარეკანზე: მიხაი ზიჩის ილუსტრაცია. | ||
| 501 | _aეძღვნება შოთა რუსთაველის დაბადებიდან 850 წლის იუბილეს. | ||
| 504 | _aბიბლიოგრაფია: გვ. 116-120. | ||
| 653 | _aრუსთაველი, შოთა | ||
| 653 | _aქართველი სახალხო მთქმელები. | ||
| 653 | _aვეფხისტყაოსნის ხალხური ვერსია. | ||
| 700 |
_aნანობაშვილი, ბიძინა. _eავტორი _918750 |
||
| 700 |
_4 _aნონეშვილი, ალექსანდრე _eრედაქტორი _918751 |
||
| 700 |
_aლიპარტელიანი, ირმა _eდიზაინერი _918752 |
||
| 942 |
_2udc _cBK |
||